000 01486cam a2200229 4500500
005 20260322005739.0
041 _afre
042 _adc
100 1 0 _aFumeron, Martine
_eauthor
700 1 0 _aArnaud, Daniel
_eauthor
245 0 0 _aUne veille documentaire éditorialisée et personnalisée : le modèle Sidoni au département de la Vendée
260 _c2020.
500 _a5
520 _aMieux répondre aux besoins d’information des utilisateurs, se conformer à la réglementation tout en maîtrisant les coûts, donner plus de sens à son activité… Pour relever ces défis, l’équipe du service Documentation du Département de la Vendée a adapté sa stratégie documentaire, et imaginé « une info servie sur un plateau » : des produits de veille éditorialisés et personnalisés. Portée par une refonte radicale du langage documentaire et une plateforme innovante de publication digitale, cette politique pionnière se traduit par un workflow intense et minutieux, mais efficace et gratifiant. Sidoni, c’est aussi un service rebaptisé, des métiers revalorisés, légitimés.
690 _acuration
690 _aéditorialisation
690 _aplateforme de publication
690 _aveille
690 _aworkflow
786 0 _nI2D - Information, données & documents | 2 | 2 | 2020-11-17 | p. 66-77 | 2428-2111
856 4 1 _uhttps://shs.cairn.info/revue-i2d-information-donnees-et-documents-2020-2-page-66?lang=fr&redirect-ssocas=7080
999 _c1751016
_d1751016